8 Scenes, 1 Movie! XIX Quiz Stats

 Plays Quiz Updated Sep 18, 2019

Score 0/25 Timer 10:00
3 Plays Today
% Correct
Toy Story
98.8%
Pirates of the Caribbean: On Stranger Tides
91.9%
The Mask
91.8%
Bohemian Rhapsody
89.8%
Men in Black 3
89.5%
Robin Hood
85.6%
The Muppets
85.1%
Despicable Me
83.6%
Dawn of the Planet of the Apes
83.2%
RoboCop
81.4%
Jurassic World: Fallen Kingdom
68.4%
A Star Is Born
66.4%
Kick-Ass 2
65.9%
% Correct
Avengers: Infinity War
59.7%
The Secret Life of Walter Mitty
52.9%
Alien: Covenant
51.9%
Quantum of Solace
48.5%
The Lost Boys
47.9%
In Bruges
45.4%
Wanted
37.8%
Hugo
33.5%
Creature from the Black Lagoon
31.1%
Commando
24.7%
Insurgent
22.5%
What We Do in the Shadows
19.9%

You're not logged in!

Compare scores with friends on all Sporcle quizzes.
OR
Log In

Sporcle TV

Today on Sporcle TV


Watch our educational content, quiz creation guides, and fun videos on Sporcle TV.

Show Comments

Extras

Top Quizzes Today


Score Distribution

Your Account Isn't Verified!

In order to create a playlist on Sporcle, you need to verify the email address you used during registration. Go to your Sporcle Settings to finish the process.

Report this User

Report this user for behavior that violates our Community Guidelines.

Details: